Statistics for Lana Del Rey - California Lyrics

Click here to take the quiz!

General Stats

  • This quiz has been taken 61 times
  • The average score is 355 of 406

Answer Stats

Answer% Correct
a
100%
I
100%
You
100%
you
100%
California
98%
to
98%
Your
98%
your
98%
are
96%
I'll
96%
When
96%
you're
96%
You're
96%
back
94%
be
94%
come
94%
do
94%
have
94%
If
94%
if
94%
in
94%
the
94%
The
94%
don't
91%
ever
91%
lying
91%
my
91%
pick
91%
really
91%
stronger
91%
than
91%
up
91%
win
91%
arms
89%
go
89%
hit
89%
just
89%
me
89%
party
89%
want
89%
We'll
89%
we'll
89%
all
87%
America
87%
and
87%
should
87%
whatever
87%
baby
85%
dance
85%
faster
85%
fastest
85%
favorite
85%
friend
85%
how
85%
liquor
85%
Oh
85%
oh
85%
'til
85%
top
85%
far
83%
night
83%
of
83%
on
83%
shelf
83%
that
83%
travel
83%
wherever
83%
better
81%
but
81%
catch
81%
flip
81%
honey
81%
it
81%
Or
81%
places
81%
side
81%
throw
81%
'Cause
79%
crazy
79%
dawn
79%
is
79%
love
79%
never
79%
read
79%
said
79%
so
79%
Stones
79%
this
79%
letter
77%
long
77%
off
77%
Rolling
77%
scared
77%
thing
77%
think
77%
were
77%
cars
74%
doing
74%
done
74%
like
74%
lose
74%
say
74%
call
72%
pace
72%
reach
72%
shouldn't
72%
wanted
72%
wish
72%
brighter
70%
didn't
70%
got
70%
old
70%
blues
68%
brightest
68%
choose
68%
heat
68%
stars
68%
war
68%
was
68%
around
66%
Changing
66%
cooler
66%
hate
66%
out
66%
over
66%
that's
66%
weather
66%
act
64%
heard
62%
one
60%
I've
57%
Vogues
57%
moves
53%
Ana
43%
Santa
43%

Score Distribution

Percentile by Number Answered

Percent of People with Each Score

Your Score History

You have not taken this quiz